000 01540nam0a2200325 4500
001 RU\NLR\bibl\54098
005 20260407075301.0
010 _a5-88006-146-9
_9300
021 _aRU
_b99-32882
_91619
035 _a(NLR Aleph) 000052784
090 _a283683
_c283683
100 _a19991021d1998 |||y0rusy50 ca
101 0 _arus
102 _aRU
105 _ay |||||||||
200 1 _aСельскохозяйственное образование учащихся сельских школ США
_eУчеб. пособие
_fМ-во общ. и проф. образования Рос. Федерации, Ряз. гос. пед. ун-т им. С.А. Есенина
_g[Авт.-сост. Л.П. Костикова и др.
_gНауч. ред.: Жильцов П.А., к.пед.н., проф.]
210 _aРязань
_cИзд-во РГПУ
_d1998
215 _a119 c.
_d20
320 _aБиблиогр.: с. 106-109
606 0 _aСельское хозяйство
_xИзучение в школе
_yСоединенные Штаты Америки
_91645898
_3RU\NLR\auth\661026594
686 _aЧ426.95
702 1 _aКостикова
_bЛ. П.
_4220
702 1 _aЖильцов
_bП. А.
_4340
712 0 2 _4570
_aРязанский государственный педагогический университет им. С. А. Есенина
_9279767
_3RU\NLR\AUTH\884185
801 0 _aRU
_bNLR
_c19991021
_gPSBO
801 1 _aRU
_bNLR
_c19991021
852 _aNLR
_j99-3/12918
942 _cBOOK
980 _aNB